000
00266nam a2200097Ia 4500
008
200302s9999 xx 000 0 und d
100
_a
Kyoto Shoin
245
_a
World Testile Collection 11 Casual Geometric
260
_b
Kyoto Shon International Co. Ltd.
260
_c
1992
999
_c
2233
_d
2233